000 00535nam a2200205Ia 4500
003 OSt
005 20220926044544.0
006 a|||||r|||| 00| 0
007 ta
008 220923b |||||||| |||| 00| 0 eng d
037 _cGeneral Book
040 _aRTL
_cRTL
_beng
041 _2eng
_aeng
082 _aX9(J).2.N5, J8.1
100 _aBhattacharjee J P
245 0 _aStudies in Indian agriculture ecos
260 _c1958
942 _hX9(J).2.N5, J8.1
_cGB
_2CC
999 _c675190
_d675190